Boletín del Instituto Duartiano. (Record no. 100882)

MARC details
000 -LEADER
campo de control de longitud fija 01079cas a2200385 4500
001 - NÚMERO DE CONTROL
campo de control 34328
005 - FECHA Y HORA DE LA ÚLTIMA TRANSACCIÓN
campo de control 20230410143407.0
008 - DATOS DE LONGITUD FIJA--INFORMACIÓN GENERAL
campo de control de longitud fija 751209c19699999dr ar h 0 b0spa
010 ## - NÚMERO DE CONTROL DE LA BIBLIOTECA DEL CONGRESO
Número de control de LC 75646070
035 ## - NÚMERO DE CONTROL DEL SISTEMA
Número de control de sistema (OCoLC)ocm02242844
040 ## - FUENTE DE CATALOGACIÓN
Centro catalogador/agencia de origen DLC
Centro/agencia transcriptor DLC
Centro/agencia modificador NST
-- DLC
-- OCLCQ
012 ## -
-- 4
-- 3
-- 7
-- -
-- -
-- p
-- -
-- ----
035 ## - NÚMERO DE CONTROL DEL SISTEMA
Número de control de sistema (OCoLC)2242844
042 ## - CÓDIGO DE AUTENTICACIÓN
Código de autenticación lc
043 ## - CÓDIGO DE ÁREA GEOGRÁFICA
Código de área geográfica nwdr---
050 14 - SIGNATURA TOPOGRÁFICA DE LA BIBLIOTECA DEL CONGRESO
Número de clasificación F1938.4.D8
Número de ítem B688I
050 14 - SIGNATURA TOPOGRÁFICA DE LA BIBLIOTECA DEL CONGRESO
Número de clasificación F1938.4.D8
Número de ítem I57a
082 #4 - NÚMERO DE LA CLASIFICACIÓN DECIMAL DEWEY
Número de clasificación 972.9304
049 ## - FONDOS LOCALES (OCLC)
Biblioteca depositaria GRAL
110 2# - ENTRADA PRINCIPAL--NOMBRE DE ENTIDAD CORPORATIVA
Nombre de entidad corporativa o nombre de jurisdicción como elemento de entrada Instituto Duartiano.
245 10 - MENCIÓN DEL TÍTULO
Título Boletín del Instituto Duartiano.
260 ## - PUBLICACIÓN, DISTRIBUCIÓN, ETC.
Lugar de publicación, distribución, etc. Santo Domingo
Nombre del editor, distribuidor, etc. [Instituto Duartiano]
300 ## - DESCRIPCIÓN FÍSICA
Otras características físicas ill.
Dimensiones 21-24 cm.
310 ## - PERIODICIDAD ACTUAL
Periodicidad actual Annual,
Fecha de comienzo de la periodicidad actual 1971-<74>
321 ## - PERIODICIDAD ANTERIOR
Periodicidad anterior Three no. a year,
Fechas de la periodicidad anterior 1969-70
362 0# - FECHAS DE PUBLICACIÓN Y/O DESIGNACIÓN SECUENCIAL
Fecha de publicación y/o designación secuencial año 1- (no. 1- ); 1969-74
600 10 - PUNTO DE ACCESO ADICIONAL DE MATERIA--NOMBRE DE PERSONA
Nombre de persona Duarte, Juan Pablo,
Fechas asociadas al nombre 1813-1876
Subdivisión de forma Periodicals.
651 #0 - PUNTO DE ACCESO ADICIONAL DE MATERIA--NOMBRE GEOGRÁFICO
Nombre geográfico Dominican Republic
Subdivisión general History
Subdivisión cronológica 1844-1930
Subdivisión de forma Periodicals.
610 20 - PUNTO DE ACCESO ADICIONAL DE MATERIA--NOMBRE DE ENTIDAD CORPORATIVA
Nombre de entidad corporativa o nombre de jurisdicción como elemento de entrada Instituto Duartiano.
936 ## - OCLC/CONSER DATOS MISCELÁNEOS (OCLC); PIEZA UTILIZADA PARA CATALOGACIÓN (pre-RCAA2) (RLIN)
Numero(s) de control OCLC de registros paralelo(s) (OCLC); Pieza utilizada para catalogación, PUC (RLIN) 1969-74
942 ## - ELEMENTOS DE ENTRADA SECUNDARIOS (KOHA)
Fuente del sistema de clasificación o colocación Clasificación de Library of Congress
Tipo de ítem Koha
946 ## - PROCESAMIENTO DE INFORMACIÓN LOCAL (OCLC)
a clperez
994 ## -
-- C0
-- DRFGD
Holdings
Estatus retirado Estado de pérdida Fuente del sistema de clasificación o colocación Estado de daño No para préstamo Colección Biblioteca de origen Biblioteca actual Ubicación en estantería Fecha de adquisición Signatura topográfica completa Código de barras Visto por última vez Copia número Tipo de ítem Koha
    Clasificación de Library of Congress     Automatización y Procesos Técnicos Biblioteca Juan Bosch Biblioteca Juan Bosch Automatización y Procesos Técnicos (1er. Piso) 10/04/2023 F1938.4.D8 B688I | F1938.4.D8 I57a 00000047596 21/01/2019 1